| 000 | 00437nam a2200145Ia 4500 | ||
|---|---|---|---|
| 008 | 231129s2009||||xx |||||||||||||| ||spa|| | ||
| 020 | _a978-968-860-776-3 | ||
| 040 | _bspa | ||
| 082 | _a616.89142 E47t | ||
| 100 | _aEllis Albert | ||
| 245 | 0 | _aTerapia racional emotiva: mejor salud y superación personal afrontando nuestra realidad | |
| 260 | _c2009 | ||
| 264 | _aMéxico : Pax | ||
| 942 |
_2ddc _cBKS |
||
| 999 |
_c25277 _d25277 |
||